[Event "22nd Hoogeveen Open 2018"]
[Site "Hoogeveen"]
[Date "2018.10.22"]
[Round "3"]
[White "Maters, Arthur"]
[Black "Brands, Kevin"]
[Result "1-0"]
[WhiteElo "1933"]
[BlackElo "1862"]
[Annotator "NA RC"]
[PlyCount "149"]
[EventDate "2018.10.20"]
[EventType "swiss"]
[EventCountry "NED"]
[SourceTitle "playchess.com"]
[Source "ChessBase"]
[SourceQuality "1"]
[TimeControl "40/5400+30:1800+30"]

1. e4 {[%emt 0:00:00]} c5 {[%emt 0:00:00]} 2. Nf3 {[%emt 0:00:00]} d6 {[%emt 0:00:00]} 3. d4 {[%emt 0:00:00]} cxd4 {[%emt 0:00:00]} 4. Nxd4 {[%emt 0:00:00]} Nf6 {[%emt 0:00:00]} 5. Nc3 {[%emt 0:00:00]} a6 {[%emt 0:00:00]} 6. Be2 {[%emt 0:00:00]} e5 {[%emt 0:00:00]} 7. Nf3 {[%emt 0:00:00]} Be7 {[%emt 0:01:10]} 8. Bg5 {[%emt 0:00:06]} Nbd7 {[%emt 0:01:27]} 9. a4 {[%emt 0:00:12]} O-O {[%emt 0:00:35]} 10. O-O {[%emt 0:00:08]} Re8 {[%emt 0:09:38] B92: Sicilian Najdorf: 6 Be2} (10... b6 11. Bc4 Bb7 12. Qe2 Nxe4 13. Nxe4 Bxe4 14. Qxe4 Bxg5 15. Bxf7+ Kxf7 16. Qd5+ Kg6 17. Qxd6+ Bf6 18. Qd3+ {1-0 (52) Harikrishna,P (2744)-Korobov,A (2652) Huaian 2017}) 11. Nd2 $146 {[%emt 0:12:54]} ({Predecessor:} 11. Re1 Qc7 12. a5 b5 13. axb6 Nxb6 14. Bxf6 Bxf6 15. h3 Bb7 16. Nh2 Red8 17. Ng4 Bg5 18. Bd3 {1-0 (50) Gluckman,P (1779)-Ncube,S (1901) Port Elizabeth 2016}) 11... h6 {[%emt 0:21:37]} 12. Bxf6 {[%emt 0:04:20]} Nxf6 {[%emt 0:00:04]} 13. Nc4 {[%emt 0:02:05]} Be6 {[%emt 0:03:57]} 14. Ne3 {[%emt 0:00:18]} Rc8 {[%emt 0:00:53]} 15. Qd2 {[%emt 0:05:50]} Rc5 {[%emt 0:06:41]} 16. Rfd1 {[%emt 0:01:56]} Qb6 {[%emt 0:08:52]} 17. Rab1 {[%emt 0:01:04]} Qc7 {[%emt 0:00:56]} 18. Rbc1 {[%emt 0:06:53]} Rxc3 {[%emt 0:04:47]} 19. Qxc3 {[%emt 0:02:26]} Qxc3 {[%emt 0:00:04]} 20. bxc3 {[%emt 0:00:08]} Nxe4 {[%emt 0:00:49]} 21. c4 {[%emt 0:06:05]} Nc3 {[%emt 0:00:33]} 22. Rd2 {[%emt 0:00:33]} Nxa4 {[%emt 0:00:04]} 23. Rb1 {[%emt 0:01:51]} Nc5 {[%emt 0:00:51]} 24. Rb6 {[%emt 0:07:45]} Rc8 {[%emt 0:05:55]} 25. g3 {[%emt 0:05:07]} a5 {[%emt 0:02:54]} 26. Rd1 {[%emt 0:03:01]} a4 {[%emt 0:04:27]} 27. Ra1 {[%emt 0:01:07]} Ra8 {[%emt 0:04:13]} 28. Bd1 {[%emt 0:03:21]} a3 {[%emt 0:02:39]} 29. Ra2 {[%emt 0:01:26]} Ne4 {[%emt 0:07:33]} 30. Rb3 {[%emt 0:01:54]} Nd2 {[%emt 0:02:08]} 31. Rbxa3 {[%emt 0:04:30]} Rxa3 {[%emt 0:00:03]} 32. Rxa3 {[%emt 0:00:11]} Nxc4 {[%emt 0:00:09]} 33. Nxc4 {[%emt 0:02:19]} Bxc4 {[%emt 0:00:06]} 34. Ra8+ {[%emt 0:00:06]} Kh7 {[%emt 0:01:45]} 35. Rc8 {[%emt 0:00:47]} b5 {[%emt 0:01:05]} 36. Rc7 {[%emt 0:01:50]} Bf8 {[%emt 0:00:49]} 37. Bf3 {[%emt 0:01:13]} Kg6 {[%emt 0:04:13]} 38. Bc6 {[%emt 0:04:42]} Kf6 {[%emt 0:01:17]} 39. Rb7 {[%emt 0:00:30]} Be7 {[%emt 0:00:14]} 40. Bxb5 {[%emt 0:00:24]} Bxb5 {[%emt 0:00:04]} 41. Rxb5 {[%emt 0:30:11]} Ke6 {[%emt 0:32:05]} 42. c4 {[%emt 0:01:35]} Bd8 {[%emt 0:00:52]} 43. Kf1 {[%emt 0:01:36]} Bg5 {[%emt 0:03:35]} 44. Ke2 {[%emt 0:01:04]} Bc1 {[%emt 0:00:18]} 45. Rb3 {[%emt 0:00:29]} Bg5 {[%emt 0:00:57]} 46. Kd3 {[%emt 0:00:30]} Bd8 {[%emt 0:00:00]} 47. Rb5 {[%emt 0:00:00]} Bc7 {[%emt 0:00:00]} 48. Ke4 {[%emt 0:00:00]} Bd8 {[%emt 0:00:00]} 49. h4 {[%emt 0:00:00]} f5+ {[%emt 0:00:00]} 50. Ke3 {[%emt 0:00:00]} g5 {[%emt 0:00:00]} (50... h5 $16 51. Ke2 g6) 51. h5 {[%emt 0:00:00]} g4 {[%emt 0:00:00]} 52. Rb7 {[%emt 0:00:00]} e4 {[%emt 0:00:00]} 53. Rg7 {[%emt 0:00:00]} Bg5+ {[%emt 0:00:00]} 54. Ke2 {[%emt 0:00:00]} Kf6 {[%emt 0:00:00]} 55. Rg6+ {[%emt 0:00:00]} Ke5 {[%emt 0:00:00]} 56. Kd1 {[%emt 0:00:00]} f4 {[%emt 0:00:00]} (56... e3 $16 {keeps fighting.} 57. Ke2 exf2 58. Kxf2 Bd2) 57. gxf4+ {[%emt 0:00:00]} Bxf4 {[%emt 0:00:00]} 58. Rxg4 {[%emt 0:00:00]} Kf5 {[%emt 0:00:00]} 59. Rg6 {[%emt 0:00:00]} Ke5 {[%emt 0:00:00]} 60. Ke2 {[%emt 0:01:40]} Kd4 {[%emt 0:00:00]} 61. Rf6 {[%emt 0:02:53]} Ke5 {[%emt 0:00:00]} 62. Rf8 {[%emt 0:00:06]} Bg5 {[%emt 0:00:00]} 63. f3 {[%emt 0:03:27]} exf3+ $18 {[%emt 0:00:37]} (63... e3 64. Re8+ Kf5) 64. Kxf3 {[%emt 0:00:40]} Kd4 {[%emt 0:01:53]} 65. Rf5 {[%emt 0:00:55]} Be7 {[%emt 0:01:46]} 66. Rf7 {[%emt 0:00:19]} Bg5 {[%emt 0:00:13]} 67. Rd7 {[%emt 0:00:13]} Kxc4 {[%emt 0:02:18]} 68. Rxd6 {[%emt 0:00:07]} Kc5 {[%emt 0:00:04]} 69. Rd1 {[%emt 0:00:08]} Kc6 {[%emt 0:01:11]} 70. Ke4 {[%emt 0:00:04]} Kc7 {[%emt 0:00:11]} 71. Kf5 {[%emt 0:00:07]} Be3 {[%emt 0:01:23]} 72. Kg6 {[%emt 0:00:06]} Bg5 {[%emt 0:00:50]} 73. Kg7 {[%emt 0:00:05]} Be3 {[%emt 0:00:13]} 74. Re1 {[%emt 0:00:05]} Bg5 {[%emt 0:00:17]} 75. Re6 {[%emt 0:00:10]} 1-0

[Event "22nd Hoogeveen Open 2018"]
[Site "Hoogeveen"]
[Date "2018.10.22"]
[Round "3"]
[White "Shakhverdian, William"]
[Black "Van de Pavoordt, Max"]
[Result "1/2-1/2"]
[WhiteElo "1903"]
[BlackElo "2034"]
[Annotator "NA RC"]
[PlyCount "80"]
[EventDate "2018.10.20"]
[EventType "swiss"]
[EventCountry "NED"]
[SourceTitle "playchess.com"]
[Source "ChessBase"]
[SourceQuality "1"]
[TimeControl "40/5400+30:1800+30"]

1. e4 {[%emt 0:00:00]} e6 {[%emt 0:00:00]} 2. d4 {[%emt 0:00:13]} d5 {[%emt 0:00:00]} 3. exd5 {[%emt 0:00:00]} exd5 {[%emt 0:00:13]} 4. Nf3 {[%emt 0:00:00]} Nf6 {[%emt 0:00:15]} 5. Bd3 {[%emt 0:00:00]} Bd6 {[%emt 0:00:57]} 6. O-O {[%emt 0:00:00]} O-O {[%emt 0:00:09]} 7. Bg5 {[%emt 0:00:00]} Bg4 {[%emt 0:02:07]} 8. Nbd2 {[%emt 0:01:47]} c6 {[%emt 0:00:53]} 9. c3 {[%emt 0:00:06]} Nbd7 {[%emt 0:00:21]} 10. Qc2 {[%emt 0:00:16]} Qc7 {[%emt 0:01:00]} 11. Rfe1 {[%emt 0:00:22]} Rfe8 {[%emt 0:00:35]} 12. Bh4 {[%emt 0:06:27]} Bh5 {[%emt 0:03:13]} 13. Bg3 {[%emt 0:04:01]} Bg6 {[%emt 0:00:11]} 14. Bxg6 {[%emt 0:05:40]} hxg6 {[%emt 0:00:38]} 15. Rxe8+ {[%emt 0:01:09]} Rxe8 {[%emt 0:00:32]} 16. Re1 {[%emt 0:03:47]} Rxe1+ {[%emt 0:00:57]} 17. Nxe1 {[%emt 0:00:07]} Bxg3 {[%emt 0:02:06]} 18. hxg3 {[%emt 0:00:17]} Nb6 {[%emt 0:00:40]} 19. Nd3 {[%emt 0:00:39]} Qe7 {[%emt 0:01:31]} 20. Qd1 {[%emt 0:03:52]} Nc8 {[%emt 0:03:09]} 21. Kf1 {[%emt 0:00:46]} Nd6 {[%emt 0:00:07]} 22. Qe2 {[%emt 0:07:04]} Kf8 {[%emt 0:01:18]} 23. f3 {[%emt 0:02:52]} Qc7 {[%emt 0:05:50]} 24. g4 {[%emt 0:00:55]} Nd7 {[%emt 0:01:30]} 25. Ne5 {[%emt 0:04:45]} Nxe5 {[%emt 0:02:27]} 26. Qxe5 {[%emt 0:00:24]} Ne8 {[%emt 0:00:30]} 27. Qxc7 {[%emt 0:01:16]} Nxc7 {[%emt 0:00:02]} 28. Ke2 {[%emt 0:00:10]} Ne6 {[%emt 0:00:15]} 29. Ke3 {[%emt 0:00:27]} Ke7 {[%emt 0:00:40]} 30. f4 {[%emt 0:00:10]} Kd6 {[%emt 0:02:42]} 31. Nf3 {[%emt 0:04:41]} f6 {[%emt 0:01:00]} 32. Nh4 {[%emt 0:00:39]} Nxf4 {[%emt 0:06:16]} 33. Kxf4 {[%emt 0:01:40]} g5+ {[%emt 0:00:14]} 34. Kg3 {[%emt 0:00:16]} gxh4+ {[%emt 0:00:13]} 35. Kxh4 {[%emt 0:00:07]} g6 {[%emt 0:02:01]} 36. g5 {[%emt 0:01:08]} f5 {[%emt 0:00:15]} 37. Kg3 {[%emt 0:00:06]} b6 {[%emt 0:02:55]} 38. Kf4 {[%emt 0:03:05]} c5 {[%emt 0:00:56]} 39. b4 {[%emt 0:01:46]} c4 {[%emt 0:03:06]} 40. b5 {[%emt 0:00:10]} Ke6 {[%emt 0:00:23]} 1/2-1/2

[Event "22nd Hoogeveen Open 2018"]
[Site "Hoogeveen"]
[Date "2018.10.22"]
[Round "3"]
[White "Bleeker, Kasper"]
[Black "Biermann, Lenhard"]
[Result "0-1"]
[WhiteElo "1891"]
[BlackElo "2153"]
[Annotator "TA"]
[PlyCount "72"]
[EventDate "2018.10.20"]
[EventType "swiss"]
[EventCountry "NED"]
[SourceTitle "playchess.com"]
[Source "ChessBase"]
[SourceQuality "1"]

{[%evp 11,72,27,52,14,25,-18,-2,-27,-29,-35,-43,-79,-20,-17,-4,-20,-17,-81,-81,-89,-25,-16,-5,-14,-22,-166,-166,-192,-176,-230,-229,-206,-212,-182,-216,-212,-216,-205,-180,-426,-434,-463,-454,-547,-546,-685,-632,-657,-652,-1845,-1579,-2031,-1955,-1441,-1080,-1064,-1001,-1757,-1800,-1629,-1441,-1360,-1197]} 1. e4 e6 2. d4 d5 3. Bd3 c5 4. exd5 exd5 5. Nf3 Nf6 6. O-O {C01: French: Exchange Variation} Be7 {LiveBook: 7 Games} (6... c4 7. Re1+ Be7 8. Be2 O-O 9. b3 cxb3 10. axb3 Nc6 11. c3 Re8 12. Nbd2 Bd6 13. Bd3 Bg4 14. Rxe8+ Qxe8 {0-1 (52) Fontaine,R (2563)-Carlsen,M (2834) chess.com INT 2018}) 7. Re1 O-O 8. b3 $146 {White has an edge.} ({Predecessor:} 8. dxc5 Bxc5 9. Be3 Bb6 10. h3 Nc6 11. Nbd2 Re8 12. Bxb6 Rxe1+ 13. Qxe1 Qxb6 14. Nb3 Bd7 {½-½ (40) Carlier,B (2395)-Dizdar,G (2530) Groningen 1991}) 8... Bg4 9. Bb2 cxd4 10. Bxd4 Nc6 11. Bb2 $1 Qb6 (11... Bb4 $17 12. c3 Bc5) 12. Nc3 $11 Rad8 13. h3 Bh5 14. g4 (14. a3 $11) 14... Bg6 $17 15. Qe2 Rfe8 (15... d4 $17 16. Na4 Qc7) 16. Bxg6 $1 $11 hxg6 17. Qb5 Qc7 18. g5 (18. a3 $11) 18... a6 $36 {[%mdl 2048] White is under strong pressure.} 19. Qd3 Nb4 20. Rxe7 Rxe7 21. gxf6 Nxd3 22. fxe7 Nxb2 23. exd8=Q+ Qxd8 24. Ne2 Qc8 25. Ned4 $2 (25. Nfd4) 25... Qxh3 {Black is clearly winning.} 26. Rb1 {[#]} g5 $1 {[%cal Bg6g5,Bg5g4][%mdl 32]} 27. Rxb2 {and the idea Rb1 leaves White hopeful.} (27. Nxg5 Qg4+) 27... g4 28. Nh2 Qc3 29. Rb1 Qxd4 {[%mdl 4096] Endgame KQ-KRN} 30. Re1 g3 31. Re3 gxh2+ 32. Kxh2 g6 33. Kg3 Kg7 34. c3 Qd2 35. a4 Qd1 36. b4 Qxa4 {Precision: White = 42%, Black = 72%.} 0-1

[Event "22nd Hoogeveen Open 2018"]
[Site "Hoogeveen"]
[Date "2018.10.22"]
[Round "3"]
[White "Husers, Yannic"]
[Black "Van Foreest, Machteld"]
[Result "1-0"]
[WhiteElo "1866"]
[BlackElo "1934"]
[Annotator "NA RC"]
[PlyCount "121"]
[EventDate "2018.10.20"]
[EventType "swiss"]
[EventCountry "NED"]
[SourceTitle "playchess.com"]
[Source "ChessBase"]
[SourceQuality "1"]
[TimeControl "40/5400+30:1800+30"]

1. e4 {[%emt 0:01:54]} e5 {[%emt 0:00:13]} 2. Nc3 {[%emt 0:00:09]} Nf6 {[%emt 0:00:09]} 3. f4 {[%emt 0:00:08]} d5 {[%emt 0:07:54]} 4. fxe5 {[%emt 0:09:45]} Nxe4 {[%emt 0:01:09]} 5. Nf3 {[%emt 0:00:40]} Be7 {[%emt 0:04:57]} 6. g3 {[%emt 0:08:51] C29: Vienna Game: 2...Nf6 3 f4} (6. Qe2 Nxc3 7. dxc3 Be6 8. Bf4 c5 9. O-O-O Nc6 10. h4 h6 11. g3 Qa5 12. Kb1 O-O-O 13. Bh3 Qc7 14. Bxe6+ fxe6 15. Qd3 {½-½ (32) Popov,I (2632)-Sargissian,G (2671) Khanty-Mansiysk 2013}) 6... O-O {[%emt 0:01:57]} 7. Bg2 {[%emt 0:04:07]} f6 $146 {[%emt 0:05:23]} ({Predecessor:} 7... c5 8. O-O Nc6 9. d3 Nxc3 10. bxc3 f6 11. d4 fxe5 12. dxe5 Be6 13. Rb1 Qd7 {0-1 (30) Zamudio,J (2214)-Vujadinovic,M (2218) IECG email 1999}) 8. O-O {[%emt 0:13:42]} Bg4 {[%emt 0:02:40]} 9. Qe1 {[%emt 0:09:40]} Bc5+ {[%emt 0:14:29]} 10. Kh1 {[%emt 0:02:39]} Nf2+ {[%emt 0:01:48]} 11. Rxf2 {[%emt 0:00:08]} Bxf2 {[%emt 0:00:13]} 12. Qxf2 {[%emt 0:00:09]} fxe5 {[%emt 0:00:30]} 13. d3 {[%emt 0:09:43]} Qf6 {[%emt 0:06:01]} 14. Bf4 {[%emt 0:04:07]} exf4 {[%emt 0:04:40]} 15. Nxd5 {[%emt 0:01:17]} Qd6 {[%emt 0:02:09]} 16. Nxf4 {[%emt 0:01:54]} Bxf3 {[%emt 0:03:46]} 17. Bxf3 {[%emt 0:01:25]} Nc6 {[%emt 0:03:38]} 18. Qg2 {[%emt 0:02:24]} Rae8 {[%emt 0:02:37]} 19. Be4 {[%emt 0:01:23]} Qf6 {[%emt 0:07:08]} 20. c3 {[%emt 0:05:10]} Qd6 {[%emt 0:08:36]} 21. d4 {[%emt 0:03:38]} Kh8 {[%emt 0:03:47]} 22. Re1 {[%emt 0:00:27]} Re7 {[%emt 0:02:27]} 23. Qh3 {[%emt 0:03:00]} Qh6 {[%emt 0:00:05]} 24. Qg4 {[%emt 0:00:37]} Rfe8 {[%emt 0:00:50]} 25. Nd5 {[%emt 0:00:23]} Rxe4 {[%emt 0:00:12]} 26. Rxe4 {[%emt 0:00:43]} Qc1+ {[%emt 0:00:04]} 27. Kg2 {[%emt 0:00:10]} Qc2+ {[%emt 0:00:27]} 28. Kf3 {[%emt 0:00:37]} Qd1+ {[%emt 0:00:04]} 29. Kg2 {[%emt 0:03:03]} Qc2+ {[%emt 0:04:59]} 30. Kf3 {[%emt 0:00:56]} Rf8+ {[%emt 0:01:49]} 31. Rf4 {[%emt 0:01:44]} Rxf4+ {[%emt 0:05:42]} 32. Nxf4 {[%emt 0:00:22]} Qd1+ {[%emt 0:00:37]} 33. Ne2 {[%emt 0:00:06]} h6 {[%emt 0:00:37]} 34. Kf2 {[%emt 0:04:39]} Qd2 {[%emt 0:00:29]} 35. Qc8+ {[%emt 0:00:17]} Kh7 {[%emt 0:00:01]} 36. Qxb7 {[%emt 0:00:22]} Ne7 {[%emt 0:01:32]} 37. Qe4+ {[%emt 0:02:39]} Ng6 {[%emt 0:00:04]} 38. h4 {[%emt 0:00:09]} h5 {[%emt 0:00:14]} 39. Qf5 {[%emt 0:01:16]} Kh6 {[%emt 0:00:26]} 40. Kf3 {[%emt 0:01:29]} c6 {[%emt 0:01:07]} 41. a4 {[%emt 0:31:45]} a5 {[%emt 0:33:09]} 42. Qxa5 {[%emt 0:00:00]} Ne7 {[%emt 0:00:00]} 43. Qg5+ {[%emt 0:00:00]} Qxg5 {[%emt 0:00:00]} 44. hxg5+ {[%emt 0:00:00]} Kxg5 {[%emt 0:00:00]} 45. Nf4 {[%emt 0:00:00]} h4 {[%emt 0:00:00]} 46. a5 {[%emt 0:00:00]} hxg3 {[%emt 0:00:00]} 47. Kxg3 {[%emt 0:00:00]} Nf5+ {[%emt 0:00:00]} 48. Kf3 {[%emt 0:00:00]} Nd6 {[%emt 0:00:00]} 49. Ne6+ {[%emt 0:00:00]} Kf6 {[%emt 0:00:00]} 50. Nd8 {[%emt 0:00:00]} Nc4 {[%emt 0:00:00]} 51. a6 {[%emt 0:00:00]} Ke7 {[%emt 0:00:00]} 52. Nxc6+ {[%emt 0:00:00]} Kd6 {[%emt 0:00:00] [#]} 53. Ne5 $1 {[%emt 0:00:00]} Nb6 {[%emt 0:00:00]} 54. c4 {[%emt 0:00:00]} Nc8 {[%emt 0:00:00]} 55. b4 {[%emt 0:00:00]} Na7 {[%emt 0:00:00]} 56. b5 {[%emt 0:00:00]} Kc7 {[%emt 0:00:00]} 57. Nd3 $18 {[%emt 0:00:00]} Kb6 {[%emt 0:00:00]} 58. d5 {[%emt 0:00:00]} Kc7 {[%emt 0:00:00]} 59. Ke4 {[%emt 0:00:00]} Kd7 {[%emt 0:00:00]} 60. b6 {[%emt 0:00:00]} Nc8 {[%emt 0:00:00]} 61. c5 {[%emt 0:00:00]} 1-0

[Event "22nd Hoogeveen Open 2018"]
[Site "Hoogeveen"]
[Date "2018.10.22"]
[Round "3"]
[White "Achuthan, Dylan"]
[Black "Minko, Dmitry"]
[Result "0-1"]
[WhiteElo "1751"]
[BlackElo "2011"]
[Annotator "NA RC"]
[PlyCount "82"]
[EventDate "2018.10.20"]
[EventType "swiss"]
[EventCountry "NED"]
[SourceTitle "playchess.com"]
[Source "ChessBase"]
[SourceQuality "1"]
[TimeControl "40/5400+30:1800+30"]

1. Nf3 {[%emt 0:00:00]} d5 {[%emt 0:29:31]} 2. b3 {[%emt 0:00:00]} c5 {[%emt 0:02:15]} 3. Bb2 {[%emt 0:00:00]} Bf5 {[%emt 0:00:57] A06: Réti Opening:1 Nf3 d5} (3... Nf6 4. e3 g6 5. Bxf6 exf6 6. c3 Nc6 7. d4 b6 8. Bb5 Bb7 9. O-O a6 10. Bd3 Bd6 11. Re1 O-O 12. g3 Qc7 {½-½ (73) Nakamura,H (2786)-Caruana,F (2802) chess.com INT 2017}) 4. e3 {[%emt 0:01:08]} Nf6 {[%emt 0:13:08]} 5. Bb5+ {[%emt 0:01:08]} Nbd7 {[%emt 0:01:28]} 6. O-O {[%emt 0:00:26]} a6 {[%emt 0:03:17]} 7. Bxd7+ {[%emt 0:00:20]} Qxd7 {[%emt 0:00:58]} 8. Ne5 {[%emt 0:00:51]} Qc8 $146 {[%emt 0:14:31]} ({Predecessor:} 8... Qc7 9. d3 Nd7 10. Qf3 e6 11. Nxf7 Kxf7 12. e4 {1-0 (24) Karlsson,L (2405)-Lputian,S (2445) Erevan (Armenia) 1980}) 9. d3 {[%emt 0:01:53]} Nd7 {[%emt 0:04:45]} 10. f4 {[%emt 0:01:44]} Nxe5 {[%emt 0:03:15]} 11. Bxe5 {[%emt 0:02:32]} d4 {[%emt 0:00:32]} 12. e4 {[%emt 0:02:33]} Bg4 {[%emt 0:04:25]} 13. Qe1 {[%emt 0:00:12]} f6 {[%emt 0:00:18]} 14. f5 {[%emt 0:00:33]} Bh5 {[%emt 0:00:21]} 15. Bf4 {[%emt 0:01:07]} e5 {[%emt 0:00:54]} 16. Bc1 {[%emt 0:03:53]} Qc6 {[%emt 0:01:51]} 17. Nd2 {[%emt 0:04:18]} Bd6 {[%emt 0:00:35]} 18. Qh4 {[%emt 0:02:19]} Bf7 {[%emt 0:00:19]} 19. Qg3 {[%emt 0:01:29]} Rg8 {[%emt 0:01:10]} 20. Qh3 {[%emt 0:01:09]} Ke7 {[%emt 0:04:00]} 21. Qf3 {[%emt 0:05:01]} Raf8 {[%emt 0:00:46]} 22. Rf2 {[%emt 0:01:39]} Kd8 {[%emt 0:01:58]} 23. Nf1 {[%emt 0:01:08]} Kc7 {[%emt 0:00:26]} 24. Ng3 {[%emt 0:01:20]} Kd7 {[%emt 0:02:59]} 25. a4 {[%emt 0:00:42]} b5 {[%emt 0:00:36]} 26. axb5 {[%emt 0:03:52]} axb5 {[%emt 0:00:01]} 27. Ba3 {[%emt 0:01:30]} Ra8 {[%emt 0:01:00]} 28. Rff1 {[%emt 0:00:45]} Ra6 {[%emt 0:00:26]} 29. Qg4 {[%emt 0:03:01]} Ke7 {[%emt 0:03:02]} 30. Rfb1 {[%emt 0:14:11]} Rga8 {[%emt 0:01:49]} 31. Bb2 {[%emt 0:02:07]} Rxa1 {[%emt 0:00:01]} 32. Rxa1 {[%emt 0:01:01]} Rxa1+ {[%emt 0:00:01]} 33. Bxa1 {[%emt 0:00:01]} Qa6 {[%emt 0:00:19]} 34. Qd1 {[%emt 0:01:18]} Qa2 {[%emt 0:00:30]} 35. Qc1 {[%emt 0:00:00]} c4 {[%emt 0:00:46]} 36. bxc4 {[%emt 0:00:26]} Ba3 {[%emt 0:00:15]} 37. Qe1 {[%emt 0:00:55]} bxc4 {[%emt 0:01:02]} 38. Ne2 {[%emt 0:03:32]} (38. h3 $142) 38... Qxc2 $19 {[%emt 0:01:03]} 39. Qa5 {[%emt 0:01:10]} Qb1+ {[%emt 0:00:47]} 40. Kf2 {[%emt 0:00:16]} Qxa1 {[%emt 0:00:27]} 41. Qc7+ {[%emt 0:30:25]} Kf8 {[%emt 0:30:04]} 0-1

[Event "22nd Hoogeveen Open 2018"]
[Site "Hoogeveen"]
[Date "2018.10.22"]
[Round "3"]
[White "Boghossian, Wahe"]
[Black "Blagojevic, Tijana"]
[Result "0-1"]
[WhiteElo "1748"]
[BlackElo "2232"]
[Annotator "TA"]
[PlyCount "91"]
[EventDate "2018.10.20"]
[EventType "swiss"]
[EventCountry "NED"]
[SourceTitle "playchess.com"]
[Source "ChessBase"]
[SourceQuality "1"]

{[%evp 25,91,0,0,-15,-28,-51,-54,-58,-46,-125,-121,-135,-131,-248,-246,-250,-249,-234,-233,-269,-262,-250,-226,-231,-180,-195,-191,-273,-278,-259,-207,-250,-207,-229,-229,-277,-297,-298,-292,-336,-334,-329,-314,-333,-309,-389,-384,-383,-375,-591,-572,-588,-570,-610,-575,-552,-543,-1350,-1012,-1250,-990,-1438,-1295,-12845,-12845,-12845,-12846,-12846]} 1. e4 c5 2. Nf3 d6 3. d4 cxd4 4. Nxd4 Nf6 5. Nc3 a6 6. Be2 e5 7. Nb3 Be7 8. Be3 Be6 9. O-O O-O 10. Kh1 Nbd7 11. f4 exf4 12. Bxf4 Ne5 13. Nd4 Rc8 {LiveBook: 3 Games} 14. Nxe6 {B92: Sicilian Najdorf: 6 Be2} (14. a3 {looks sharper.} Re8 15. Qe1 Nfd7 16. Rd1 Bf6 17. Qf2) (14. Nf5 Bxf5 15. exf5 Qb6 16. Rb1 Qc6 17. Qd4 Rfe8 18. Rbd1 b5 19. a3 Qb7 20. Rfe1 Bf8 21. Bg5 Nfd7 {1-0 (31) Toufighi,H (2379)-Firouzja,A (2469) Teheran 2016}) 14... fxe6 15. Bxe5 dxe5 16. Qxd8 {Black is slightly better.} Rfxd8 17. Rad1 {[#]} ({Better is} 17. Bd3 $15) 17... Rxd1 $1 $17 18. Rxd1 Bb4 19. Rd3 $146 (19. Kg1 $17) ({Predecessor:} 19. Bd3 Ng4 20. Rf1 Bxc3 21. bxc3 Rxc3 {0-1 (64) Dai,J-Song,Y (2182) Hangzhou 2018}) 19... Bxc3 $1 $19 20. bxc3 Nxe4 {[%mdl 4096] Endgame KRB-KRN} 21. Re3 Nxc3 22. Bg4 {[#]} Kf7 $1 23. Rxe5 Rc6 24. a3 Nb5 25. a4 Nd4 26. h3 (26. Re4 $142 Nxc2 27. Bf3) 26... Rxc2 27. Re4 Nf5 28. Rb4 Rc7 29. Rb6 Ke7 30. Kh2 Nd6 31. Bf3 Rc4 32. Bxb7 Nxb7 ({Weaker is} 32... Rxa4 33. Rxa6 Rb4 34. Ba8 $17) 33. Rxb7+ {KR-KR} Kf6 34. a5 Ra4 35. Kg3 Rxa5 36. Rb4 Ra3+ 37. Kg4 (37. Kf2 {was worth a try.}) 37... a5 {[%cal Ba6a5,Ba5a4,Ba4a3,Ba3a2][%mdl 32] Black is clearly winning.} 38. Rf4+ Ke7 39. Rc4 a4 40. Rc7+ Kf6 41. Ra7 Ra1 42. Ra6 a3 43. h4 a2 44. g3 g6 45. Ra5 h5+ 46. Kf4 {Precision: White = 28%, Black = 82%.} 0-1

[Event "22nd Hoogeveen Open 2018"]
[Site "Hoogeveen"]
[Date "2018.10.22"]
[Round "4"]
[White "Amin, Bassem"]
[Black "Shyaamnikhil P"]
[Result "1-0"]
[WhiteElo "2686"]
[BlackElo "2429"]
[Annotator "TA"]
[PlyCount "63"]
[EventDate "2018.10.20"]
[EventType "swiss"]
[EventCountry "NED"]
[SourceTitle "playchess.com"]
[Source "ChessBase"]
[SourceQuality "1"]

{[%evp 21,63,0,8,0,31,31,30,31,18,0,0,0,0,0,0,0,0,0,0,-33,-37,-41,-29,-37,-27,-32,0,0,17,18,117,118,102,104,104,115,107,78,133,133,133,133,133,137]} 1. e4 c5 2. Nf3 d6 3. g3 Nf6 4. d3 g6 5. Bg2 Bg7 6. O-O O-O 7. Re1 Nc6 8. c3 e5 9. a3 Re8 {A05: Réti Opening: 1 Nf3 Nf6} (9... h6 10. b4 b6 11. b5 Ne7 12. a4 a6 13. Na3 Be6 14. Bb2 Nd7 15. bxa6 Rxa6 16. Nb5 d5 17. exd5 Nxd5 {0-1 (62) Saric,I (2664)-Zherebukh,Y (2636) chess.com INT 2018}) 10. b4 a6 11. Nbd2 h6 {LiveBook: 3 Games. The position is equal.} 12. Rb1 Be6 $146 ({Predecessor:} 12... cxb4 13. axb4 b5 14. Nb3 Bb7 15. Ba3 Rc8 16. Qd2 Nb8 17. Rbc1 {1-0 (39) Duong,T (2132)-Vera Gonzalez Quevedo,R (2446) Montreal 2017}) 13. bxc5 dxc5 14. Rxb7 Qxd3 15. Rb6 Qd7 16. Bf1 Qc7 17. Rxa6 Rxa6 18. Bxa6 Qa5 19. Bf1 Qxc3 20. Re3 Qa5 21. Nc4 Qc7 22. Bb2 {[%cal Rf3e5]} Nd7 23. a4 Rb8 {Hoping for ...Bxc4.} 24. Nfd2 Nb6 {Threatens to win with ...Nxc4.} 25. Rb3 Nd4 (25... Nb4 $11) 26. Rxb6 $1 $16 Rxb6 27. Nxb6 Qxb6 28. Bc3 Qc6 29. a5 $1 {[%cal Ba4a5,Ba5a6][%mdl 32]} Bf8 ({Better is} 29... c4) 30. a6 {White is clearly better.} c4 {[#]} 31. Qa1 $1 {[%cal Ra1a5] Strongly threatening Qa5.} Bc5 {[#]} 32. Qa5 $1 {Precision: White = 78%, Black = 45%.} 1-0